|
|
|
|
| LEADER |
00000nam0a2200000 4500 |
| 001 |
137723 |
| 005 |
20231031141147.0 |
| 029 |
0 |
0 |
|a RU
|b 145-89
|c ГСССД
|
| 035 |
|
|
|a (RuTPU)RU\TPU\book\149253
|
| 035 |
|
|
|a RU\TPU\book\149241
|
| 090 |
|
|
|a 137723
|
| 100 |
|
|
|a 20080515d1990 k a0rusy50 ca
|
| 101 |
0 |
|
|a rus
|
| 102 |
|
|
|a RU
|
| 105 |
|
|
|a a l 000zy
|
| 122 |
2 |
|
|a d2007121020
|a d2007121020
|
| 200 |
1 |
|
|a Деформируемые алюминиевые сплавы АМг6, Д16, В95, В96Ц-1. Упругие свойства. Модуль нормальной упругости при температурах -80...300 С
|a ГСССД 145-89
|f СССР, Государственный комитет по управлению качеством продукции и стандартам (Госстандарт)
|
| 205 |
|
|
|a Изд. офиц.
|
| 210 |
|
|
|a Москва
|c Изд-во стандартов
|d 1990
|
| 215 |
|
|
|a 4 с.
|c ил.
|
| 225 |
1 |
|
|a Таблицы стандартных справочных данных
|
| 229 |
|
|
|a Утвержден Государственным комитетом СССР по стандартам 19 декабря 1989 г.
|
| 610 |
1 |
|
|a ГСССД
|
| 610 |
1 |
|
|a справочные данные
|
| 610 |
1 |
|
|a таблицы данных
|
| 610 |
1 |
|
|a характеристики
|
| 610 |
1 |
|
|a алюминиевые сплавы
|
| 610 |
1 |
|
|a упругие свойства
|
| 610 |
1 |
|
|a термообработка
|
| 610 |
1 |
|
|a химический состав
|
| 675 |
|
|
|a 669(83)
|v 3
|
| 712 |
0 |
1 |
|a СССР
|b Государственный комитет по управлению качеством продукции и стандартам (Госстандарт)
|c (1989-1991)
|2 stltpush
|3 (RuTPU)RU\TPU\col\12455
|
| 801 |
|
1 |
|a RU
|b 63413507
|c 20080507
|g PSBO
|
| 801 |
|
2 |
|a RU
|b 63413507
|c 20221207
|g PSBO
|
| 942 |
|
|
|c BK
|